Mạng truyền thông công nghiệp Tái bản, có chỉnh sửa, bổ sung
Sách cung cấp khái niệm mạng truyền thông công nghiệp, đặc trưng hệ thống mạng công nghiệp, cơ sở kỹ thuật, các thành phần hệ thống mạng, hệ thống bus tiêu biểu. Một số vấn đề trong tích hợp hệ thống...
Đã lưu trong:
| 主要作者: | |
|---|---|
| 格式: | 圖書 |
| 語言: | Undetermined |
| 出版: |
Hà Nội
Khoa học và kỹ thuật
2004
|
| 主題: | |
| 標簽: |
添加標簽
沒有標簽, 成為第一個標記此記錄!
|
| Thư viện lưu trữ: | Trung tâm Học liệu Trường Đại học Cần Thơ |
|---|
| LEADER | 00976nam a2200217Ia 4500 | ||
|---|---|---|---|
| 001 | CTU_64306 | ||
| 008 | 210402s9999 xx 000 0 und d | ||
| 020 | |b 28500 | ||
| 082 | |a 621.3821 | ||
| 082 | |b S464 | ||
| 100 | |a Hoàng, Minh Sơn | ||
| 245 | 0 | |a Mạng truyền thông công nghiệp | |
| 245 | 0 | |b Tái bản, có chỉnh sửa, bổ sung | |
| 245 | 0 | |c Hoàng Minh Sơn | |
| 260 | |a Hà Nội | ||
| 260 | |b Khoa học và kỹ thuật | ||
| 260 | |c 2004 | ||
| 520 | |a Sách cung cấp khái niệm mạng truyền thông công nghiệp, đặc trưng hệ thống mạng công nghiệp, cơ sở kỹ thuật, các thành phần hệ thống mạng, hệ thống bus tiêu biểu. Một số vấn đề trong tích hợp hệ thống | ||
| 650 | |a Computer networks,Telecommunication systems | ||
| 904 | |i Nguyên sửa | ||
| 980 | |a Trung tâm Học liệu Trường Đại học Cần Thơ | ||